000 01341nam0a22003491 4500
001 rc\2138159
005 20250623020821.0
035 _a(NLR Aleph) 006524124
090 _a6462476
_c6462476
100 _a20110826d1979 |||y0rusy50 ca
101 0 _arus
102 _aRU
105 _aa z |||||
200 1 _aОнкогенные вирусы типа Д
_fВ.М. Жданов, А.Ф. Быковский, К.В. Ильин
210 _aМосква
_cМедицина
_d1979
215 _a104 с.
_cил.
_d20
300 _aВ надзаг.: АМН СССР
320 _aБиблиогр.: с. 96-103
606 _aВирусы
_xРоль в онкологии
_2psbo
606 _aОпухоли злокачественные
_xЭтнология и патогенез
_2psbo
686 _aР56-13,0
_2rubbk
700 1 _aЖданов
_bВ.М.
_f1914-1987
_gВиктор Михайлович
701 1 _aБыковский
_bА.Ф.
_gАльберт Филиппович
701 1 _7ca
_8rus
_aИльин
_bК. В.
_cд-р мед. наук
_gКонстантин Владимирович
_9220586
_3RU\NLR\AUTH\770220642
801 0 _aRU
_bNLR
_gpsbo
801 1 _aRU
_bELAR
_2rusmarc
852 _aNLR
_j79-3/7272
899 _aRuMoRGB
_jБ 79-22/435
899 _aRuMoRGB
_jБ 79-22/436
942 _cBOOK
980 _aNB